Países productores de la mayor cantidad de caña de azúcar - Estadísticas

Estadísticas generales
  • Esta prueba ha sido intentada 38 veces
  • La puntuación promedio es 16 de 20
Estadísticas de respuestas
millones de
toneladas
país % Correcto
759 Brasil
97%
34,6 Colombia
97%
30,2 Estados Unidos
92%
57,0 México
92%
306 India
89%
19,2 Argentina
86%
104 China
86%
9,40 Perú
86%
9,03 Ecuador
83%
16,1 Cuba
81%
21,2 Indonesia
81%
18,4 Vietnam
78%
36,6 Australia
75%
103 Tailandia
75%
10,4 Myanmar
72%
73,4 Pakistán
69%
33,8 Guatemala
61%
17,4 Sudáfrica
61%
29,3 Filipinas
56%
15,3 Egipto
44%
No se encontraron pruebas coincidentes
Distribución de puntuación
Porcentaje de gente con cada puntuación
Porcentaje por número respondido
Historial de tus puntuaciones
No has intentado esta prueba.